| 000 | 00551nam a2200169Ia 4500 | ||
|---|---|---|---|
| 005 | 20241109104613.0 | ||
| 008 | 240126s9999 xx 000 0 und d | ||
| 020 | _a9789327258134 | ||
| 082 | _a658.8 AGA;1 R | ||
| 100 | _aAgarwal, Punam. Kaur, Amandeep. Kaur, Gurjeet. | ||
| 245 | 0 | _aService management : for BBA 4th semester students of Bangalore university and also useful for allied courses of other universities | |
| 260 |
_bKalyani Pub. _aLudhiana _c2016 |
||
| 300 | _av, 4.15+39 | ||
| 440 | _aNULL | ||
| 650 | _amanagement | ||
| 942 | _cPU | ||
| 999 |
_c290587 _d290587 |
||